Countries with Green in their Flag - Sudden Death - Statistics

General Stats
  • This quiz has been taken 30 times
  • The average score is 8 of 15
Answers on the Grid
Answers color-coded by a green-red scale on the quiz's grid according to % correct below.
Saudi Arabia
Algeria
UK
Denmark
Samoa
Bulgaria
Kuwait
Laos
Costa Rica
Moldova
Bangladesh
Sierra Leone
Brazil
Azerbaijan
Venezuela
Papua New Guinea
Hungary
Honduras
Benin
Djibouti
Finland
Comoros
Marshall Islands
Vanautu
Burundi
Uruguay
Vietnam
Bolivia
Serbia
Tunisia
 
Answer Stats
Answer % Correct
Saudi Arabia
86%
Algeria
71%
Brazil
71%
Bulgaria
71%
Hungary
71%
Bangladesh
57%
Burundi
57%
Benin
43%
Djibouti
43%
Kuwait
43%
Sierra Leone
43%
Bolivia
29%
Comoros
29%
Vanautu
29%
Azerbaijan
14%
No matching quizzes found
Score Distribution
Percent of People with Each Score
Percentile by Number Answered
Your Score History
You have not taken this quiz